Feminist International Relations (Record no. 86230)
[ view plain ]
| 000 -LEADER | |
|---|---|
| fixed length control field | 00517nam a2200193Ia 4500 |
| 008 - FIXED-LENGTH DATA ELEMENTS--GENERAL INFORMATION | |
| fixed length control field | 230125s9999 xx 000 0 und d |
| 020 ## - INTERNATIONAL STANDARD BOOK NUMBER | |
| International Standard Book Number | 0-521-79627-X |
| 041 ## - LANGUAGE CODE | |
| Language code of text/sound track or separate title | eng |
| 082 ## - DEWEY DECIMAL CLASSIFICATION NUMBER | |
| Classification number | 305.4 |
| Item number | SYL |
| 100 ## - MAIN ENTRY--PERSONAL NAME | |
| Personal name | Sylvester C |
| 9 (RLIN) | 109540 |
| 245 ## - TITLE STATEMENT | |
| Title | Feminist International Relations |
| 260 ## - PUBLICATION, DISTRIBUTION, ETC. (IMPRINT) | |
| Date of publication, distribution, etc. | 2002 |
| Name of publisher, distributor, etc. | Cambridge University press |
| Place of publication, distribution, etc. | Australia |
| 300 ## - PHYSICAL DESCRIPTION | |
| Extent | 346p |
| 500 ## - GENERAL NOTE | |
| Keywords | Feminism;International relations |
| 650 ## - SUBJECT ADDED ENTRY--TOPICAL TERM | |
| Topical term or geographic name as entry element | Women Study |
| 700 ## - ADDED ENTRY--PERSONAL NAME | |
| Personal name | Sylvester C |
| 9 (RLIN) | 109540 |
| 906 ## - LOCAL DATA ELEMENT F, LDF (RLIN) | |
| b | 268 |
| Withdrawn status | Lost status | Damaged status | Not for loan | Home library | Current library | Date acquired | Vendor | Cost, normal purchase price | Bill number | Total Checkouts | Full call number | Barcode | Date last seen | Cost, replacement price | Bill Date | Koha item type | Original Barcode |
|---|---|---|---|---|---|---|---|---|---|---|---|---|---|---|---|---|---|
| Smt. Hiraben Nanavati Institute of Management & Research for Women | Smt. Hiraben Nanavati Institute of Management & Research for Women | 31/03/2008 | Bookland | 1340.00 | 6923 | 305.4 SYL B06341 | HIMR-BK-6341 | 25/01/2023 | 1072.00 | 27/03/2008 | Books | B06341 |